| 000 | 00859nam a2200229Ia 4500 | ||
|---|---|---|---|
| 003 | GCL | ||
| 008 | 140319s9999 xx 000 0 ara d | ||
| 020 | _a7000829953 | ||
| 040 |
_aGCL / _cGCL |
||
| 082 | 0 | 4 |
_a355.49 _bم أ |
| 245 | 1 | 0 | _aالاحتلال الامريكى للعراق صوره ومصائره |
| 250 | _aالاولى | ||
| 260 |
_aبيروت : _bمركز دراسات الوحدة العربية ، _c2005 |
||
| 300 |
_a266ص ؛ _c24سم |
||
| 490 |
_aسلسلة كتب المستقبل العربى _v43 |
||
| 650 | 0 | 4 | _aالحرب والحضارة |
| 650 | 0 | 4 | _aالانتخابات - العراق |
| 650 | 0 | 4 | _aالاستعمار الامريكى |
| 650 | 0 | 4 | _aالعراق - تاريخ - العصر الحديث - الاحتلال الامريكي |
| 650 | 0 | 4 | _aالعراق - الاحوال الاجتماعية |
| 942 |
_2ddc _cBK |
||
| 999 |
_c7520 _d7520 |
||